|
|
|
|
| LEADER |
00828ncm a22002172a 4500 |
| 001 |
001240592 |
| 003 |
CZ BrMZK |
| 005 |
20120820081706.0 |
| 007 |
qu |
| 008 |
120820s1953 pl |||||||||||||||||zxx d |
| 040 |
|
|
|a BOA001
|b cze
|
| 072 |
|
7 |
|a 787
|x Hudba pro strunné a smyčcové nástroje
|2 Konspekt
|9 9
|
| 100 |
1 |
|
|a Szymanowski, Karol,
|d 1882-1937
|7 jn19990008398
|4 cmp
|
| 245 |
1 |
0 |
|a Pieśń Roksany z opery Król Roger
|h [hudebnina] :
|b na skrypce i fortepian /
|c Karol Szymanowski ; transkrypca Pawła Kochanskiego
|
| 260 |
|
|
|a Kraków :
|b Polskie Wydawnictwo Muzyczne,
|c 1953
|
| 300 |
|
|
|a 3, 8 s.
|
| 700 |
1 |
|
|a Kochański, Paweł,
|d 1887-1934
|7 jn20000603456
|4 arr
|
| 910 |
|
|
|a BOA001
|b Mus4-0579.877
|
| 990 |
|
|
|a MU
|
| 991 |
|
|
|b 201208
|
| 996 |
6 |
|
|b 2619097104
|c Mus4-0579.877
|l MZK
|r Sklad / do 1 hodiny
|n 0
|w 001274592
|u 000010
|a 1
|e BOA001
|j MZK50
|s P
|